| 000 | 00666nam a2200241Ia 4500 | ||
|---|---|---|---|
| 003 | OSt | ||
| 005 | 20220924131934.0 | ||
| 006 | a|||||r|||| 00| 0 | ||
| 007 | ta | ||
| 008 | 220923b |||||||| |||| 00| 0 tel d | ||
| 024 | _a338917 | ||
| 037 | _cTextual | ||
| 040 |
_aARTS _cARTS _btel |
||
| 041 |
_2tel _atel |
||
| 082 | _aO152,3N BOL,1, 35N1.5 | ||
| 100 |
_aSeetham Raju Co. _9203315 |
||
| 245 | 0 | _aMayamyee | |
| 260 |
_aVijayawada _bPoornima Book House India _c1991 |
||
| 300 |
_a234 _ccm. |
||
| 650 |
_aHINDI LITERATURE _923866 |
||
| 942 |
_hO152,3N BOL,1, 35N1.5 _cTEXL _2CC |
||
| 999 |
_c428691 _d428691 |
||